<?xml version="1.0" encoding="UTF-8"?>
<record
    xmlns:xsi="http://www.w3.org/2001/XMLSchema-instance"
    xsi:schemaLocation="http://www.loc.gov/MARC21/slim http://www.loc.gov/standards/marcxml/schema/MARC21slim.xsd"
    xmlns="http://www.loc.gov/MARC21/slim">

  <leader>01650nam a2200253 a 4500</leader>
  <datafield tag="090" ind1=" " ind2=" ">
    <subfield code="a">IAVH</subfield>
    <subfield code="b">00765 CD-1</subfield>
  </datafield>
  <datafield tag="041" ind1=" " ind2=" ">
    <subfield code="a">spa</subfield>
  </datafield>
  <datafield tag="100" ind1=" " ind2=" ">
    <subfield code="a">G&#xF3;mez Posada, Mar&#xED;a Carolina</subfield>
    <subfield code="9">5028</subfield>
  </datafield>
  <datafield tag="245" ind1=" " ind2=" ">
    <subfield code="a">Variabilidad gen&#xE9;tica y grado de entrecruzamiento entre poblaciones de monos aulladores rojos (Alouatta seniculus) en bosques del Eje cafetero</subfield>
  </datafield>
  <datafield tag="260" ind1=" " ind2=" ">
    <subfield code="a">Cali</subfield>
    <subfield code="b">Instituto Alexander von Humboldt</subfield>
    <subfield code="c">2005</subfield>
  </datafield>
  <datafield tag="300" ind1=" " ind2=" ">
    <subfield code="a">59 p.</subfield>
  </datafield>
  <datafield tag="520" ind1=" " ind2=" ">
    <subfield code="a">Con el fin de determinar el estado de conservaci&#xF3;n de la variaci&#xF3;n gen&#xE9;tica entre poblaciones de mono aullador en el Eje cafetero, se realiz&#xF3; una caracterizaci&#xF3;n ecogen&#xE9;tica de dos poblaciones silvestres de aullador rojo ubicadas en fragmentos de bosque andino a trav&#xE9;s de la extracci&#xF3;n de ADN de las heces (m&#xE9;todo no invasivo) de los primates. A partir del ADN extraido se hicieron varios an&#xE1;lisis moleculares con loci de microsat&#xE9;lites desarrollados en otras especies de Alouatta. Esta informaci&#xF3;n permiti&#xF3; hacer un diagn&#xF3;stico sobre el efecto de la fragmentaci&#xF3;n en la estructura gen&#xE9;tica de la poblaci&#xF3;n.</subfield>
  </datafield>
  <datafield tag="650" ind1=" " ind2=" ">
    <subfield code="a">Variaci&#xF3;n gen&#xE9;tica</subfield>
    <subfield code="9">54911</subfield>
  </datafield>
  <datafield tag="650" ind1=" " ind2=" ">
    <subfield code="a">Poblaciones animales</subfield>
    <subfield code="9">17337</subfield>
  </datafield>
  <datafield tag="650" ind1=" " ind2=" ">
    <subfield code="a">Caracterizaci&#xF3;n ecogen&#xE9;tica</subfield>
    <subfield code="9">92457</subfield>
  </datafield>
  <datafield tag="650" ind1=" " ind2=" ">
    <subfield code="a">Bosque andino</subfield>
    <subfield code="9">3789</subfield>
  </datafield>
  <datafield tag="650" ind1=" " ind2=" ">
    <subfield code="a">ADN</subfield>
    <subfield code="9">76235</subfield>
  </datafield>
  <datafield tag="650" ind1=" " ind2=" ">
    <subfield code="a">Heces fecales</subfield>
    <subfield code="9">92459</subfield>
  </datafield>
  <datafield tag="650" ind1=" " ind2=" ">
    <subfield code="a">Tasa de intercambio gen&#xE9;tico</subfield>
    <subfield code="9">92460</subfield>
  </datafield>
  <datafield tag="662" ind1=" " ind2=" ">
    <subfield code="a">Colombia</subfield>
    <subfield code="c">Vereda Montealegre</subfield>
    <subfield code="d">Caicedonia</subfield>
    <subfield code="b">Valle del Cauca</subfield>
  </datafield>
  <datafield tag="662" ind1=" " ind2=" ">
    <subfield code="a">Colombia</subfield>
    <subfield code="c">Reserva Natural del Bosque de Yotoco</subfield>
    <subfield code="d">Yotoco</subfield>
    <subfield code="b">Valle del Cauca</subfield>
  </datafield>
  <datafield tag="945" ind1=" " ind2=" ">
    <subfield code="d">2007-08-16</subfield>
  </datafield>
  <datafield tag="773" ind1="0" ind2=" ">
    <subfield code="0">5986</subfield>
    <subfield code="9">9704</subfield>
    <subfield code="a"></subfield>
    <subfield code="b"></subfield>
    <subfield code="d">Bogot&#xE1; Informatica documental 2007</subfield>
    <subfield code="o">024802</subfield>
    <subfield code="t">Informes de investigaciones IAVH en PDF</subfield>
    <subfield code="w"></subfield>
    <subfield code="x"></subfield>
    <subfield code="z"></subfield>
  </datafield>
  <datafield tag="999" ind1=" " ind2=" ">
    <subfield code="c">6003</subfield>
    <subfield code="d">6003</subfield>
  </datafield>
</record>
